Phân tích tính ổn định của mô hình thị trường lao động : Luận văn tốt nghiệp cao học. Ngành Toán Giải tích
Giới thiệu kiến thức cơ bản về hệ động lực, trình bày về động lực của ánh xạ một chiều, và nghiên cứu về động lực của thị trường lao động.
Bewaard in:
| Hoofdauteur: | |
|---|---|
| Formaat: | Boek |
| Taal: | Undetermined |
| Gepubliceerd in: |
Cần Thơ
Trường Đại học Cần Thơ
2013
|
| Onderwerpen: | |
| Tags: |
Voeg label toe
Geen labels, Wees de eerste die dit record labelt!
|
| Thư viện lưu trữ: | Trung tâm Học liệu Trường Đại học Cần Thơ |
|---|
| LEADER | 01098nam a2200217Ia 4500 | ||
|---|---|---|---|
| 001 | CTU_185454 | ||
| 008 | 210402s9999 xx 000 0 und d | ||
| 082 | |a 515 | ||
| 082 | |b V121 | ||
| 088 | |a 604601 | ||
| 100 | |a Nguyễn, Thị Thuý Vân | ||
| 245 | 0 | |a Phân tích tính ổn định của mô hình thị trường lao động : | |
| 245 | 0 | |b Luận văn tốt nghiệp cao học. Ngành Toán Giải tích | |
| 245 | 0 | |c Nguyễn Thị Thuý Vân ; Nguyễn Hữu Khánh (cán bộ hướng dẫn) | |
| 260 | |a Cần Thơ | ||
| 260 | |b Trường Đại học Cần Thơ | ||
| 260 | |c 2013 | ||
| 520 | |a Giới thiệu kiến thức cơ bản về hệ động lực, trình bày về động lực của ánh xạ một chiều, và nghiên cứu về động lực của thị trường lao động. | ||
| 650 | |a Toán học,Labor market,Mathematics,Thị trường lao động | ||
| 904 | |i Bích Phượng, Trúc | ||
| 980 | |a Trung tâm Học liệu Trường Đại học Cần Thơ | ||